00341nam a2200133Ia 4500003000400000008004100004020002400045040000800069100001600077245006300093260002900156300001000185365001200195LDD181029s9999 xx 000 0 und d a8181500164c1500.00 cLDD aGill, R. S. 0aRagamala Paintingba journey from music to artcR. S. Gill aNew DelhibAravalic2006 a171p. b1500.00